00602 2200229 4500001002100000005001700021008004100038020002200079035002400101040001200125082001000137090002000147100002300167245004700190250001100237260002800248300001800276504001600294650002800310850001200338990002200350YOGYA-0112000000065420120115175851.0 ind  a978-602-978-941-6 0010-011200000000654 aYOPDYOG a297.3 aDEP 297.3 Ati M aATIQAH HAMID, 1986 aMemburu Pahala di kala sakitcAtiqah Hamid aCet.1. aYogyakartabNajahc2011 a153 hlmc20cm ahlm 149-151 aIslam , pahala dan dosa aYOPDYOG aCB-D.11 2011-1455